UBT Library

A calendar of Soviet treaties, 1958-1973 / (Record no. 41376)

000 -LEADER
fixed length control field 00637nam a2200229 a 4500
001 - CONTROL NUMBER
control field 4191262
005 - DATE AND TIME OF LATEST TRANSACTION
control field 20180131071136.0
008 - FIXED-LENGTH DATA ELEMENTS--GENERAL INFORMATION
fixed length control field 830805s1981 ne b 001 0 eng
010 ## - LIBRARY OF CONGRESS CONTROL NUMBER
LC control number 80050453
020 ## - INTERNATIONAL STANDARD BOOK NUMBER
International Standard Book Number 9028606092
040 ## - CATALOGING SOURCE
Original cataloging agency DLC
Transcribing agency DLC
Modifying agency DLC
041 ## - LANGUAGE CODE
Language code of text/sound track or separate title eng
043 ## - GEOGRAPHIC AREA CODE
Geographic area code e-ur---
080 ## - UNIVERSAL DECIMAL CLASSIFICATION NUMBER
Universal Decimal Classification number 341..026447 GEO
082 00 - DEWEY DECIMAL CLASSIFICATION NUMBER
Classification number 341..026447 GEO
Edition number 19
100 1# - Rafti
Rafti 24
101 ## - Shkurtesa
Shkurtesa GJU
245 12 - TITLE STATEMENT
Title A calendar of Soviet treaties, 1958-1973 /
Statement of responsibility, etc George Ginsburgs, Robert M. Slusser.
504 ## - BIBLIOGRAPHY, ETC. NOTE
Bibliography, etc Includes bibliographical references and index.
906 ## - LOCAL DATA ELEMENT F, LDF (RLIN)
a 7
b cbc
c orignew
d 3
e ocip
f 19
g y-gencatlg
942 ## - ADDED ENTRY ELEMENTS (KOHA)
Source of classification or shelving scheme
Item type Books

No items available.

UBT Library © 2015-2024. All rights reserved University Education for Business and Technology